[Event "ureki2015"]
[Site "?"]
[Date "2015.10.11"]
[Round "7.9"]
[White "Mgeladze, Tamaz"]
[Black "Popov, Valerij"]
[Result "0-1"]
[LiveChessVersion "1.3.1"]
[BlackElo "2525"]
[WhiteElo "2339"]

1. c4 {[%clk 1:30:56]} e5 {[%clk 1:30:41]} 2. g3 {[%clk 1:31:14]} Nf6
{[%clk 1:31:02]} 3. Bg2 {[%clk 1:31:27]} h6 {[%clk 1:31:23]} 4. Nc3
{[%clk 1:30:49]} Bb4 {[%clk 1:31:43]} 5. Qb3 {[%clk 1:31:13]} a5 {[%clk 1:28:18]}
6. a3 {[%clk 1:31:36]} Bxc3 {[%clk 1:23:57]} 7. Qxc3 {[%clk 1:31:44]} d6
{[%clk 1:24:19]} 8. Nf3 {[%clk 1:26:41]} c5 {[%clk 1:18:38]} 9. b3
{[%clk 1:22:04]} Nc6 {[%clk 1:16:51]} 10. d3 {[%clk 1:17:10]} O-O
{[%clk 1:06:34]} 11. Bb2 {[%clk 1:14:16]} Bg4 {[%clk 1:02:55]} 12. e3
{[%clk 1:07:45]} Qd7 {[%clk 0:48:03]} 13. h3 {[%clk 0:53:32]} Be6
{[%clk 0:48:09]} 14. Rd1 {[%clk 0:48:22]} a4 {[%clk 0:40:26]} 15. b4
{[%clk 0:45:45]} cxb4 {[%clk 0:40:44]} 16. axb4 {[%clk 0:46:13]} b5
{[%clk 0:41:01]} 17. g4 {[%clk 0:37:14]} Rac8 {[%clk 0:33:05]} 18. O-O
{[%clk 0:35:44]} h5 {[%clk 0:30:22]} 19. g5 {[%clk 0:34:10]} Bxh3
{[%clk 0:30:34]} 20. gxf6 {[%clk 0:31:36]} Bxg2 {[%clk 0:31:00]} 21. Kxg2
{[%clk 0:31:44]} Qg4+ {[%clk 0:31:26]} 22. Kh2 {[%clk 0:32:10]} Qxf3
{[%clk 0:31:53]} 23. fxg7 {[%clk 0:32:26]} Rfe8 {[%clk 0:24:12]} 24. Qd2
{[%clk 0:31:20]} bxc4 {[%clk 0:21:39]} 25. dxc4 {[%clk 0:25:19]} Ne7
{[%clk 0:21:34]} 26. Rc1 {[%clk 0:20:44]} Qg4 {[%clk 0:18:54]} 27. f3
{[%clk 0:20:16]} Qh4+ {[%clk 0:18:58]} 28. Kg1 {[%clk 0:20:45]} Nf5
{[%clk 0:18:58]} 29. e4 {[%clk 0:17:03]} Qg3+ {[%clk 0:18:17]} 30. Kh1
{[%clk 0:16:12]} Qh3+ {[%clk 0:18:40]} 31. Kg1 {[%clk 0:16:33]} Nh4
{[%clk 0:17:38]} 32. Rc3 {[%clk 0:11:54]} Re6 {[%clk 0:18:03]} 33. Kf2
{[%clk 0:12:23]} Rg6 {[%clk 0:17:48]} 34. Ke1 {[%clk 0:09:36]} Ng2+
{[%clk 0:18:02]} 35. Kd1 {[%clk 0:04:51]} Ne3+ {[%clk 0:18:25]} 36. Qxe3
{[%clk 0:05:20]} Qxf1+ {[%clk 0:18:50]} 37. Qe1 {[%clk 0:05:49]} Rg1
{[%clk 0:18:46]} 38. Qxf1 {[%clk 0:06:04]} Rxf1+ {[%clk 0:19:12]} 39. Kc2
{[%clk 0:05:06]} h4 {[%clk 0:19:18]} 40. f4 {[%clk 0:31:38]} Rxf4
{[%clk 0:49:34]} 41. c5 {[%clk 0:31:54]} dxc5 {[%clk 0:49:34]} 42. bxc5
{[%clk 0:30:52]} Rxe4 {[%clk 0:49:47]} 43. Kd3 {[%clk 0:29:24]} Rb4
{[%clk 0:49:28]} 44. Rc2 {[%clk 0:29:24]} Rxb2 {[%clk 0:49:33]} 45. Rxb2
{[%clk 0:29:44]} Rxc5 {[%clk 0:49:59]} 46. Kd4 0-1

[Event "ureki2015"]
[Site "?"]
[Date "2015.10.11"]
[Round "7.10"]
[White "Lomineishvili, Maia"]
[Black "Khurtsidze, Nino"]
[Result "0-1"]
[LiveChessVersion "1.3.1"]
[BlackElo "2426"]
[WhiteElo "2369"]

1. d4 {[%clk 1:30:41]} Nf6 {[%clk 1:30:54]} 2. c4 {[%clk 1:30:57]} e6
{[%clk 1:31:16]} 3. Nc3 {[%clk 1:31:00]} Bb4 {[%clk 1:31:24]} 4. e3
{[%clk 1:31:04]} O-O {[%clk 1:29:49]} 5. Nge2 {[%clk 1:31:06]} Re8
{[%clk 1:28:10]} 6. a3 {[%clk 1:31:06]} Bf8 {[%clk 1:28:09]} 7. Nf4
{[%clk 1:28:27]} d6 {[%clk 1:22:23]} 8. Be2 {[%clk 1:26:13]} e5 {[%clk 1:22:15]}
9. dxe5 {[%clk 1:26:21]} dxe5 {[%clk 1:22:34]} 10. Qxd8 {[%clk 1:24:24]} Rxd8
{[%clk 1:23:00]} 11. Nfd5 {[%clk 1:24:41]} Ne8 {[%clk 1:18:51]} 12. f4
{[%clk 1:15:04]} c6 {[%clk 0:58:11]} 13. Nb4 {[%clk 1:14:42]} a5 {[%clk 0:58:13]}
14. Nd3 {[%clk 1:14:46]} exf4 {[%clk 0:58:37]} 15. exf4 {[%clk 1:12:13]} Be6
{[%clk 0:55:02]} 16. Ne5 {[%clk 1:06:05]} f6 {[%clk 0:49:13]} 17. Nf3
{[%clk 1:03:36]} Na6 {[%clk 0:36:32]} 18. Be3 {[%clk 1:02:26]} Nd6
{[%clk 0:30:45]} 19. b3 {[%clk 0:48:47]} Re8 {[%clk 0:30:41]} 20. Bf2
{[%clk 0:44:15]} b5 {[%clk 0:25:13]} 21. cxb5 {[%clk 0:41:11]} cxb5
{[%clk 0:23:57]} 22. Nd4 {[%clk 0:36:16]} Rac8 {[%clk 0:20:00]} 23. Ncxb5
{[%clk 0:31:39]} Bg4 {[%clk 0:15:47]} 24. Nxd6 {[%clk 0:27:30]} Bxd6
{[%clk 0:16:11]} 25. Kf1 {[%clk 0:24:26]} Bxe2+ {[%clk 0:16:03]} 26. Nxe2
{[%clk 0:24:52]} Rc2 {[%clk 0:15:57]} 27. Re1 {[%clk 0:22:57]} Nc5
{[%clk 0:12:43]} 28. Bxc5 {[%clk 0:19:34]} Bxc5 {[%clk 0:13:03]} 29. h4
{[%clk 0:15:22]} Bxa3 {[%clk 0:12:53]} 30. Ng3 {[%clk 0:15:05]} Rxe1+
{[%clk 0:09:09]} 31. Kxe1 {[%clk 0:15:26]} Rc3 {[%clk 0:09:35]} 32. Ne2
{[%clk 0:14:33]} Rxb3 {[%clk 0:09:56]} 33. Kd2 {[%clk 0:14:17]} Bb4+
{[%clk 0:10:02]} 34. Kc2 {[%clk 0:14:36]} Re3 {[%clk 0:10:22]} 35. Nd4
{[%clk 0:12:46]} Re4 {[%clk 0:07:22]} 36. Kd3 {[%clk 0:12:39]} Rxf4
{[%clk 0:07:38]} 37. h5 {[%clk 0:08:25]} Rg4 {[%clk 0:07:31]} 38. Rc1
{[%clk 0:08:38]} Rg3+ {[%clk 0:06:23]} 39. Ke4 {[%clk 0:08:40]} Rg4+
{[%clk 0:02:56]} 40. Kd3 {[%clk 0:37:56]} h6 {[%clk 0:31:40]} 41. Rc8+
{[%clk 0:37:59]} Kh7 {[%clk 0:29:15]} 42. Ne6 {[%clk 0:35:19]} Rxg2
{[%clk 0:28:46]} 43. Rc7 {[%clk 0:34:34]} Rg4 {[%clk 0:26:13]} 44. Ra7
{[%clk 0:33:59]} Kg8 {[%clk 0:25:53]} 45. Rb7 {[%clk 0:33:03]} Rg1
{[%clk 0:23:05]} 46. Ra7 {[%clk 0:31:41]} Re1 {[%clk 0:21:54]} 47. Nxg7
{[%clk 0:27:48]} Re7 {[%clk 0:22:06]} 48. Rxe7 {[%clk 0:28:13]} Bxe7
{[%clk 0:22:34]} 49. Nf5 {[%clk 0:28:34]} Bf8 {[%clk 0:22:57]} 50. Kc4
{[%clk 0:28:41]} a4 {[%clk 0:23:19]} 51. Nd4 {[%clk 0:25:49]} Kf7
{[%clk 0:23:03]} 52. Kc3 {[%clk 0:25:38]} Ke8 {[%clk 0:21:56]} 53. Kc4
{[%clk 0:25:01]} Kd7 {[%clk 0:22:08]} 54. Kd5 {[%clk 0:22:19]} a3
{[%clk 0:22:03]} 55. Nc2 {[%clk 0:22:40]} Bd6 {[%clk 0:22:24]} 56. Ke4
{[%clk 0:22:25]} a2 {[%clk 0:20:59]} 57. Kf5 {[%clk 0:22:50]} Be5
{[%clk 0:21:26]} 58. Kg6 {[%clk 0:23:13]} Ke6 {[%clk 0:21:38]} 59. Kxh6
{[%clk 0:23:36]} Kf7 {[%clk 0:22:03]} 60. Kh7 {[%clk 0:24:01]} a1=Q
{[%clk 0:22:27]} 61. Nxa1 {[%clk 0:24:24]} Bxa1 {[%clk 0:22:50]} 62. h6
{[%clk 0:24:48]} Bb2 {[%clk 0:22:50]} 63. Kh8 {[%clk 0:25:13]} f5+
{[%clk 0:23:11]} 64. Kh7 {[%clk 0:25:40]} Ke6 {[%clk 0:23:39]} 0-1

[Event "ureki2015"]
[Site "?"]
[Date "2015.10.11"]
[Round "7.11"]
[White "Bortnyk, Olexandr"]
[Black "Chigaev, Maksim"]
[Result "0-1"]
[LiveChessVersion "1.3.1"]
[BlackElo "2521"]
[WhiteElo "2557"]

1. e4 {[%clk 1:30:49]} e6 {[%clk 1:30:54]} 2. d4 {[%clk 1:29:43]} d5
{[%clk 1:31:12]} 3. Nc3 {[%clk 1:30:07]} Bb4 {[%clk 1:31:35]} 4. e5
{[%clk 1:29:54]} Ne7 {[%clk 1:31:58]} 5. Bd2 {[%clk 1:29:25]} b6 {[%clk 1:31:54]}
6. Qg4 {[%clk 1:27:50]} O-O {[%clk 1:26:53]} 7. Bd3 {[%clk 1:21:21]} Ba6
{[%clk 1:21:57]} 8. Bh6 {[%clk 1:21:22]} Ng6 {[%clk 1:21:24]} 9. Bg5
{[%clk 1:21:47]} Qc8 {[%clk 1:13:25]} 10. h4 {[%clk 1:20:16]} Bxd3
{[%clk 1:09:50]} 11. cxd3 {[%clk 1:20:36]} h5 {[%clk 1:10:08]} 12. Qxh5
{[%clk 1:19:47]} c5 {[%clk 1:10:29]} 13. Bd2 {[%clk 1:07:39]} cxd4
{[%clk 1:07:35]} 14. Nce2 {[%clk 1:08:03]} Bxd2+ {[%clk 1:06:42]} 15. Kxd2
{[%clk 1:08:28]} Qc5 {[%clk 1:07:03]} 16. Ke1 {[%clk 0:58:55]} Qb4+
{[%clk 1:06:32]} 17. Kf1 {[%clk 0:59:16]} Qxb2 {[%clk 1:06:18]} 18. Re1
{[%clk 0:59:42]} Qd2 {[%clk 1:01:27]} 19. Rh3 {[%clk 0:52:48]} Nd7
{[%clk 1:01:28]} 20. f4 {[%clk 0:42:33]} Nxf4 {[%clk 0:56:10]} 21. Qg5
{[%clk 0:40:48]} f6 {[%clk 0:56:26]} 22. exf6 {[%clk 0:40:20]} Rxf6
{[%clk 0:56:50]} 23. Rf3 {[%clk 0:33:31]} Rf5 {[%clk 0:46:47]} 24. Qe7
{[%clk 0:28:20]} Nxd3 {[%clk 0:46:18]} 25. Qxe6+ {[%clk 0:28:38]} Kh8
{[%clk 0:46:43]} 26. Ra1 {[%clk 0:21:04]} Rxf3+ {[%clk 0:47:02]} 27. Nxf3
{[%clk 0:21:30]} Qe3 {[%clk 0:47:26]} 28. Qxe3 {[%clk 0:21:55]} dxe3
{[%clk 0:47:51]} 29. Nc3 {[%clk 0:21:45]} Nf6 {[%clk 0:45:20]} 30. Ke2
{[%clk 0:17:00]} Nf4+ {[%clk 0:45:43]} 31. Kxe3 {[%clk 0:17:27]} Nxg2+
{[%clk 0:46:05]} 32. Kd4 {[%clk 0:17:50]} Re8 {[%clk 0:43:48]} 33. Ng5
{[%clk 0:14:25]} Ne3 {[%clk 0:42:19]} 34. Kd3 {[%clk 0:14:49]} Nf5
{[%clk 0:42:16]} 35. Rf1 {[%clk 0:13:21]} g6 {[%clk 0:39:24]} 36. Nb5
{[%clk 0:13:06]} Kg7 {[%clk 0:39:09]} 37. Nxa7 {[%clk 0:12:27]} Re3+
{[%clk 0:39:19]} 38. Kd2 {[%clk 0:11:38]} Ne4+ {[%clk 0:38:39]} 39. Nxe4
{[%clk 0:12:01]} dxe4 {[%clk 0:38:59]} 40. Rf4 {[%clk 0:38:33]} Ra3
{[%clk 1:08:36]} 41. Nb5 {[%clk 0:38:48]} e3+ {[%clk 1:08:29]} 42. Kd1
{[%clk 0:30:00]} Rxa2 {[%clk 1:08:27]} 43. Re4 {[%clk 0:28:51]} Rd2+
{[%clk 1:06:39]} 44. Kc1 {[%clk 0:28:09]} Rh2 {[%clk 1:05:00]} 45. Nc3
{[%clk 0:28:06]} Rxh4 {[%clk 1:05:03]} 46. Re6 {[%clk 0:28:23]} Rc4
{[%clk 1:03:15]} 47. Kb2 {[%clk 0:28:47]} b5 {[%clk 1:03:27]} 48. Nd5
{[%clk 0:27:56]} Rd4 {[%clk 1:02:48]} 49. Nc7 {[%clk 0:25:38]} Rd7
{[%clk 1:02:56]} 0-1

[Event "ureki2015"]
[Site "?"]
[Date "2015.10.11"]
[Round "7.12"]
[White "Osmak, Iulija"]
[Black "Ziaziulkina, Nastassia"]
[Result "0-1"]
[LiveChessVersion "1.3.1"]
[BlackElo "2402"]
[WhiteElo "2347"]

1. e4 {[%clk 1:30:57]} c5 {[%clk 1:30:50]} 2. c3 {[%clk 1:31:22]} Nf6
{[%clk 1:31:05]} 3. e5 {[%clk 1:31:46]} Nd5 {[%clk 1:31:30]} 4. Nf3
{[%clk 1:32:11]} Nc6 {[%clk 1:31:25]} 5. Bc4 {[%clk 1:32:35]} e6 {[%clk 1:31:49]}
6. d4 {[%clk 1:33:00]} cxd4 {[%clk 1:32:15]} 7. cxd4 {[%clk 1:33:27]} d6
{[%clk 1:32:40]} 8. O-O {[%clk 1:33:41]} Be7 {[%clk 1:32:59]} 9. exd6
{[%clk 1:34:05]} Qxd6 {[%clk 1:33:21]} 10. Nc3 {[%clk 1:34:26]} O-O
{[%clk 1:33:26]} 11. Re1 {[%clk 1:34:43]} Rd8 {[%clk 1:33:30]} 12. Bb3
{[%clk 1:33:18]} Nf6 {[%clk 1:33:09]} 13. Nb5 {[%clk 1:30:35]} Qd7
{[%clk 1:03:32]} 14. Bf4 {[%clk 1:30:06]} a6 {[%clk 1:01:32]} 15. Nc7
{[%clk 1:29:33]} Ra7 {[%clk 1:01:47]} 16. Rc1 {[%clk 1:11:52]} Bd6
{[%clk 0:48:03]} 17. Nxe6 {[%clk 1:07:48]} fxe6 {[%clk 0:48:14]} 18. Ng5
{[%clk 1:01:14]} Bxf4 {[%clk 0:37:08]} 19. Bxe6+ {[%clk 1:01:10]} Qxe6
{[%clk 0:34:07]} 20. Nxe6 {[%clk 1:01:06]} Bxe6 {[%clk 0:34:02]} 21. Rxe6
{[%clk 1:01:07]} Bxc1 {[%clk 0:29:55]} 22. Qxc1 {[%clk 1:01:07]} Nxd4
{[%clk 0:28:29]} 23. Re7 {[%clk 0:57:26]} Nc6 {[%clk 0:28:23]} 24. Re6
{[%clk 0:51:56]} Raa8 {[%clk 0:27:12]} 25. h3 {[%clk 0:51:31]} Re8
{[%clk 0:22:50]} 26. Qc4 {[%clk 0:50:08]} Kf8 {[%clk 0:22:37]} 27. Rd6
{[%clk 0:45:12]} Rad8 {[%clk 0:22:32]} 28. Qc5 {[%clk 0:43:04]} Rxd6
{[%clk 0:21:58]} 29. Qxd6+ {[%clk 0:43:29]} Kf7 {[%clk 0:22:22]} 30. g4
{[%clk 0:43:13]} Rd8 {[%clk 0:15:54]} 31. Qf4 {[%clk 0:41:49]} h6
{[%clk 0:15:29]} 32. Qc4+ {[%clk 0:40:48]} Kf8 {[%clk 0:15:06]} 33. Qc5+
{[%clk 0:40:29]} Kg8 {[%clk 0:15:19]} 34. Qc4+ {[%clk 0:40:13]} Kh7
{[%clk 0:13:42]} 35. Qb3 {[%clk 0:39:30]} Rd7 {[%clk 0:13:25]} 36. Kg2
{[%clk 0:38:52]} Nd4 {[%clk 0:12:29]} 37. Qd3+ {[%clk 0:39:09]} Kh8
{[%clk 0:12:49]} 38. Qe3 {[%clk 0:39:07]} Nc6 {[%clk 0:11:34]} 39. Qe6
{[%clk 0:38:21]} Nb4 {[%clk 0:10:51]} 40. h4 {[%clk 1:04:46]} Nbd5
{[%clk 0:34:16]} 41. Qf5 {[%clk 0:57:21]} g6 {[%clk 0:22:19]} 42. Qe5
{[%clk 0:56:57]} Re7 {[%clk 0:22:36]} 43. Qd6 {[%clk 0:52:30]} Kg7
{[%clk 0:22:44]} 44. g5 {[%clk 0:51:36]} hxg5 {[%clk 0:18:35]} 45. hxg5
{[%clk 0:51:58]} Nh5 {[%clk 0:19:02]} 46. Kf1 {[%clk 0:49:55]} Nhf4
{[%clk 0:19:16]} 47. b3 {[%clk 0:47:07]} Kh7 {[%clk 0:18:51]} 48. Qd8
{[%clk 0:47:03]} Rf7 {[%clk 0:17:06]} 49. Qe8 {[%clk 0:47:04]} Rc7
{[%clk 0:17:11]} 50. Kg1 {[%clk 0:46:55]} Kg7 {[%clk 0:14:53]} 51. Qe5+
{[%clk 0:46:31]} Kf7 {[%clk 0:15:07]} 52. Qh8 {[%clk 0:46:35]} Ke6
{[%clk 0:14:51]} 53. Kh2 {[%clk 0:46:10]} Kf5 {[%clk 0:14:08]} 54. Kg3
{[%clk 0:46:00]} Rc3+ {[%clk 0:13:24]} 55. f3 {[%clk 0:46:11]} Rc2
{[%clk 0:11:31]} 56. Qf8+ {[%clk 0:46:17]} Kxg5 {[%clk 0:11:47]} 57. Qd8+
{[%clk 0:46:29]} Nf6 {[%clk 0:11:50]} 58. Qa5+ {[%clk 0:46:22]} b5
{[%clk 0:12:02]} 0-1

[Event "ureki2015"]
[Site "?"]
[Date "2015.10.11"]
[Round "7.13"]
[White "Benidze, Davit"]
[Black "Fier, Alexandr"]
[Result "1/2-1/2"]
[LiveChessVersion "1.3.1"]
[BlackElo "2624"]
[WhiteElo "2491"]

1. Nf3 {[%clk 1:30:58]} g6 {[%clk 1:30:54]} 2. g3 {[%clk 1:31:24]} Nf6
{[%clk 1:31:17]} 3. Bg2 {[%clk 1:31:49]} Bg7 {[%clk 1:31:44]} 4. O-O
{[%clk 1:32:12]} O-O {[%clk 1:32:10]} 5. c4 {[%clk 1:32:39]} d6 {[%clk 1:32:35]}
6. d4 {[%clk 1:33:03]} Nc6 {[%clk 1:33:01]} 7. Nc3 {[%clk 1:33:29]} a6
{[%clk 1:33:27]} 8. Bf4 {[%clk 1:33:55]} Rb8 {[%clk 1:33:52]} 9. Rc1
{[%clk 1:34:15]} h6 {[%clk 1:34:18]} 10. h3 {[%clk 1:31:17]} g5 {[%clk 1:34:44]}
11. Be3 {[%clk 1:30:56]} g4 {[%clk 1:35:09]} 12. hxg4 {[%clk 1:31:23]} Nxg4
{[%clk 1:35:32]} 13. Qd2 {[%clk 1:31:52]} Nxe3 {[%clk 1:35:53]} 14. Qxe3
{[%clk 1:32:18]} e5 {[%clk 1:35:36]} 15. dxe5 {[%clk 1:30:48]} Re8
{[%clk 1:36:02]} 16. Rfd1 {[%clk 1:30:45]} Nxe5 {[%clk 1:36:28]} 17. Nxe5
{[%clk 1:31:11]} Rxe5 {[%clk 1:36:53]} 18. Qf3 {[%clk 1:30:28]} h5
{[%clk 1:35:25]} 19. Rd4 {[%clk 1:20:39]} Bg4 {[%clk 1:28:12]} 20. Rxg4
{[%clk 1:15:12]} hxg4 {[%clk 1:28:37]} 21. Qxg4 {[%clk 1:15:40]} Qg5
{[%clk 1:27:40]} 22. Qxg5 {[%clk 1:16:04]} Rxg5 {[%clk 1:28:07]} 23. Rc2
{[%clk 1:16:30]} Re5 {[%clk 1:24:44]} 24. b3 {[%clk 1:14:55]} b5 {[%clk 1:24:38]}
25. Nd5 {[%clk 1:09:02]} bxc4 {[%clk 1:24:21]} 26. Rxc4 {[%clk 1:09:30]} Rxe2
{[%clk 1:24:24]} 27. Rxc7 {[%clk 1:09:56]} Bd4 {[%clk 1:19:20]} 28. Ne7+
{[%clk 1:07:58]} Kh8 {[%clk 1:19:40]} 29. Nf5 {[%clk 1:08:07]} Bxf2+
{[%clk 1:18:54]} 30. Kf1 {[%clk 1:08:34]} Rxa2 {[%clk 1:09:40]} 31. Rxf7
{[%clk 1:07:37]} Bxg3 {[%clk 0:54:11]} 32. Nxg3 {[%clk 1:07:34]} Rxb3
{[%clk 0:54:34]} 33. Ne2 {[%clk 1:07:59]} Rbb2 {[%clk 0:52:13]} 34. Bd5
{[%clk 1:03:57]} Rxe2 {[%clk 0:41:15]} 35. Bxa2 {[%clk 1:04:22]} Rxa2
{[%clk 0:41:40]} 36. Rd7 {[%clk 1:04:49]} a5 {[%clk 0:41:41]} 37. Rxd6
{[%clk 1:05:15]} a4 {[%clk 0:42:08]} 38. Rd4 {[%clk 1:05:26]} a3 {[%clk 0:42:35]}
39. Rd3 {[%clk 1:05:49]} Kg7 {[%clk 0:43:00]} 40. Kg1 {[%clk 1:36:11]} Kf6
{[%clk 1:13:27]} 41. Kh1 {[%clk 1:36:30]} Ke5 {[%clk 1:13:54]} 42. Rg3
{[%clk 1:36:49]} Kd4 {[%clk 1:14:21]} 43. Rg4+ {[%clk 1:37:03]} Kc3
{[%clk 1:14:48]} 44. Rg3+ {[%clk 1:37:31]} Kb2 {[%clk 1:15:15]} 45. Rg2+
{[%clk 1:37:59]} 1/2-1/2

[Event "ureki2015"]
[Site "?"]
[Date "2015.10.11"]
[Round "7.14"]
[White "Jojua, Davit"]
[Black "Quparadze, Giga"]
[Result "1/2-1/2"]
[LiveChessVersion "1.3.1"]
[BlackElo "2445"]
[WhiteElo "2580"]

1. d4 {[%clk 1:30:58]} Nf6 {[%clk 1:30:55]} 2. c4 {[%clk 1:31:24]} e6
{[%clk 1:31:21]} 3. g3 {[%clk 1:31:48]} d5 {[%clk 1:31:45]} 4. Nf3
{[%clk 1:32:13]} Bb4+ {[%clk 1:32:11]} 5. Bd2 {[%clk 1:32:38]} Be7
{[%clk 1:32:36]} 6. Bg2 {[%clk 1:33:04]} O-O {[%clk 1:33:01]} 7. O-O
{[%clk 1:33:27]} c6 {[%clk 1:33:28]} 8. Qc2 {[%clk 1:33:53]} b6 {[%clk 1:33:55]}
9. Bf4 {[%clk 1:34:14]} Ba6 {[%clk 1:34:14]} 10. cxd5 {[%clk 1:32:59]} cxd5
{[%clk 1:34:37]} 11. Rc1 {[%clk 1:32:50]} Qd7 {[%clk 1:35:03]} 12. Ne5
{[%clk 1:25:42]} Qb7 {[%clk 1:35:27]} 13. Nc3 {[%clk 1:10:28]} Rc8
{[%clk 1:35:09]} 14. Qd1 {[%clk 0:59:35]} Nbd7 {[%clk 1:33:47]} 15. a4
{[%clk 0:58:42]} Bb4 {[%clk 1:29:04]} 16. Nb5 {[%clk 0:46:00]} Bxb5
{[%clk 1:28:23]} 17. axb5 {[%clk 0:46:25]} Nxe5 {[%clk 1:28:49]} 18. Bxe5
{[%clk 0:46:26]} Nd7 {[%clk 1:28:15]} 19. Bf4 {[%clk 0:45:31]} a5
{[%clk 1:28:27]} 20. bxa6 {[%clk 0:39:43]} Rxa6 {[%clk 1:28:17]} 21. Rxc8+
{[%clk 0:38:36]} Qxc8 {[%clk 1:28:41]} 22. Rc1 {[%clk 0:38:55]} Qa8
{[%clk 1:29:05]} 23. Qb3 {[%clk 0:37:44]} Bf8 {[%clk 1:27:49]} 24. Qb5
{[%clk 0:35:23]} Nf6 {[%clk 1:28:15]} 25. f3 {[%clk 0:29:51]} Ra4
{[%clk 1:27:12]} 26. Qxb6 {[%clk 0:21:02]} Rb4 {[%clk 1:27:25]} 27. Qc7
{[%clk 0:17:35]} Rxb2 {[%clk 1:27:42]} 28. Bf1 {[%clk 0:17:18]} h6
{[%clk 1:27:41]} 29. Qc8 {[%clk 0:12:52]} Qa4 {[%clk 1:27:42]} 30. Be3
{[%clk 0:10:17]} Qa3 {[%clk 1:27:26]} 31. Rc3 {[%clk 0:09:56]} 1/2-1/2

[Event "ureki2015"]
[Site "?"]
[Date "2015.10.11"]
[Round "7.15"]
[White "Managadze, Nikoloz"]
[Black "Maghalashvili, Davit"]
[Result "1/2-1/2"]
[LiveChessVersion "1.3.1"]
[BlackElo "2504"]
[WhiteElo "2459"]

1. e4 {[%clk 1:30:56]} c5 {[%clk 1:30:51]} 2. Nf3 {[%clk 1:31:15]} d6
{[%clk 1:31:14]} 3. c3 {[%clk 1:30:57]} Nf6 {[%clk 1:31:13]} 4. Be2
{[%clk 1:29:20]} g6 {[%clk 1:28:55]} 5. O-O {[%clk 1:28:50]} Bg7 {[%clk 1:29:09]}
6. Re1 {[%clk 1:26:51]} O-O {[%clk 1:29:25]} 7. Bf1 {[%clk 1:27:16]} Bg4
{[%clk 1:21:29]} 8. h3 {[%clk 1:27:03]} Bxf3 {[%clk 1:21:53]} 9. Qxf3
{[%clk 1:27:11]} Nc6 {[%clk 1:22:21]} 10. d3 {[%clk 1:26:44]} Nd7
{[%clk 1:21:11]} 11. a4 {[%clk 1:26:37]} a6 {[%clk 1:20:59]} 12. Qd1
{[%clk 1:24:46]} b5 {[%clk 1:09:36]} 13. Be3 {[%clk 1:23:06]} b4 {[%clk 1:04:34]}
14. d4 {[%clk 1:22:13]} Qb6 {[%clk 0:53:54]} 15. d5 {[%clk 0:58:26]} Na5
{[%clk 0:53:48]} 16. Qc2 {[%clk 0:58:50]} e6 {[%clk 0:33:02]} 17. Nd2
{[%clk 0:52:11]} exd5 {[%clk 0:30:35]} 18. exd5 {[%clk 0:52:33]} Rfe8
{[%clk 0:29:04]} 19. Rab1 {[%clk 0:47:30]} Qb7 {[%clk 0:26:52]} 20. Nb3
{[%clk 0:43:17]} Nxb3 {[%clk 0:13:23]} 21. Qxb3 {[%clk 0:43:30]} Reb8
{[%clk 0:12:22]} 22. Bd2 {[%clk 0:34:33]} Nb6 {[%clk 0:07:44]} 23. c4
{[%clk 0:28:14]} a5 {[%clk 0:04:55]} 24. Qc2 {[%clk 0:26:55]} Re8
{[%clk 0:04:41]} 25. b3 {[%clk 0:27:17]} Qd7 {[%clk 0:02:58]} 26. Bd3
{[%clk 0:23:51]} Rxe1+ {[%clk 0:03:13]} 27. Rxe1 {[%clk 0:24:16]} Re8
{[%clk 0:03:36]} 28. Kf1 {[%clk 0:13:35]} Rxe1+ {[%clk 0:03:32]} 29. Bxe1
{[%clk 0:14:00]} Kf8 {[%clk 0:02:28]} 30. Qd1 {[%clk 0:13:52]} Qe7
{[%clk 0:01:52]} 31. Bd2 {[%clk 0:08:04]} Qe5 {[%clk 0:00:53]} 32. Kg1
{[%clk 0:08:27]} Nd7 {[%clk 0:00:59]} 33. Bc2 {[%clk 0:08:38]} h5
{[%clk 0:00:58]} 34. Qc1 {[%clk 0:08:11]} Qd4 {[%clk 0:01:00]} 35. Be3
{[%clk 0:08:05]} Qc3 {[%clk 0:01:06]} 36. Bd2 {[%clk 0:08:28]} Qd4
{[%clk 0:01:18]} 37. Be3 {[%clk 0:08:54]} Qc3 {[%clk 0:01:05]} 38. Bd2
{[%clk 0:09:16]} 1/2-1/2

[Event "ureki2015"]
[Site "?"]
[Date "2015.10.11"]
[Round "7.16"]
[White "Mikadze, Miranda"]
[Black "Arabidze, Meri"]
[Result "0-1"]
[LiveChessVersion "1.3.1"]
[BlackElo "2405"]
[WhiteElo "2245"]

1. e4 {[%clk 1:30:56]} e5 {[%clk 1:30:48]} 2. Nf3 {[%clk 1:31:22]} Nc6
{[%clk 1:31:13]} 3. Bb5 {[%clk 1:31:46]} f5 {[%clk 1:31:28]} 4. d4
{[%clk 1:21:59]} fxe4 {[%clk 1:31:34]} 5. Nxe5 {[%clk 1:22:09]} Nxe5
{[%clk 1:31:34]} 6. dxe5 {[%clk 1:22:30]} c6 {[%clk 1:31:41]} 7. Be2
{[%clk 1:09:46]} Qa5+ {[%clk 1:30:03]} 8. Bd2 {[%clk 1:09:49]} Qxe5
{[%clk 1:30:01]} 9. Bh5+ {[%clk 1:09:31]} Kd8 {[%clk 1:28:31]} 10. c4
{[%clk 1:02:21]} Nf6 {[%clk 1:26:11]} 11. Be2 {[%clk 1:00:44]} Bc5
{[%clk 1:25:14]} 12. Bc3 {[%clk 0:55:11]} Qf5 {[%clk 1:17:17]} 13. Bd4
{[%clk 0:52:43]} Kc7 {[%clk 1:13:26]} 14. g4 {[%clk 0:45:18]} Bb4+
{[%clk 1:09:56]} 15. Nc3 {[%clk 0:45:40]} Qf4 {[%clk 1:00:23]} 16. a3
{[%clk 0:35:10]} Bxc3+ {[%clk 0:54:45]} 17. Bxc3 {[%clk 0:35:35]} d6
{[%clk 0:54:43]} 18. Bd2 {[%clk 0:30:37]} Qe5 {[%clk 0:52:54]} 19. Bc3
{[%clk 0:30:48]} Qe7 {[%clk 0:51:43]} 20. Rg1 {[%clk 0:20:19]} Re8
{[%clk 0:43:37]} 21. Rg3 {[%clk 0:15:25]} b6 {[%clk 0:37:48]} 22. g5
{[%clk 0:13:23]} Nd7 {[%clk 0:35:49]} 23. Qd4 {[%clk 0:13:48]} g6
{[%clk 0:34:58]} 24. O-O-O {[%clk 0:12:33]} Nc5 {[%clk 0:33:45]} 25. Qf6
{[%clk 0:10:31]} Bf5 {[%clk 0:32:04]} 26. Qxe7+ {[%clk 0:10:31]} Rxe7
{[%clk 0:32:33]} 27. Bf6 {[%clk 0:10:52]} Re6 {[%clk 0:30:15]} 28. Re3
{[%clk 0:10:08]} h5 {[%clk 0:25:50]} 29. Kd2 {[%clk 0:07:05]} a5 {[%clk 0:24:31]}
30. Bf1 {[%clk 0:06:40]} Nd7 {[%clk 0:21:33]} 31. Bc3 {[%clk 0:06:02]} Rf8
{[%clk 0:20:21]} 32. h3 {[%clk 0:05:26]} Ne5 {[%clk 0:18:47]} 33. Rg3
{[%clk 0:05:19]} Nf3+ {[%clk 0:16:51]} 34. Ke3 {[%clk 0:05:44]} h4
{[%clk 0:16:59]} 35. Rg4 {[%clk 0:02:32]} Bxg4 {[%clk 0:17:02]} 36. hxg4
{[%clk 0:02:59]} Nxg5 {[%clk 0:17:06]} 37. Bg2 {[%clk 0:03:27]} Re7
{[%clk 0:14:34]} 38. b4 {[%clk 0:01:22]} axb4 {[%clk 0:14:18]} 39. axb4
{[%clk 0:01:47]} Ref7 {[%clk 0:14:11]} 40. Rd2 {[%clk 0:31:47]} h3
{[%clk 0:44:11]} 41. Bh1 {[%clk 0:32:14]} Rf3+ {[%clk 0:44:19]} 42. Kd4 0-1